Daily Capital City Riddle #55 - Statistics

General Stats
  • This quiz has been taken 57 times
  • The average score is 29 of 33
Answer Stats
Type Answer % Correct
Found Letter A
100%
Found Letter I
100%
Alphabet Letter N
100%
Alphabet Letter R
100%
Correctly Placed Letter A
98%
Alphabet Letter L
98%
Alphabet Letter O
98%
Alphabet Letter B
96%
Found Letter E
96%
Alphabet Letter M
96%
Alphabet Letter S
96%
Found Letter T
96%
Alphabet Letter C
94%
Alphabet Letter G
94%
Alphabet Letter D
91%
Alphabet Letter H
89%
Alphabet Letter K
89%
Alphabet Letter U
89%
Alphabet Letter W
87%
Correctly Placed Letter I
83%
Alphabet Letter J
83%
Found Letter P
83%
Alphabet Letter V
81%
Alphabet Letter Y
81%
Correctly Placed Letter E
79%
Correctly Placed Letter T
77%
Alphabet Letter X
77%
Alphabet Letter F
74%
Alphabet Letter Q
74%
Alphabet Letter Z
74%
Correctly Placed Letter I
72%
Correctly Placed Letter P
68%
Mystery Capital Taipei
68%
No matching quizzes found
Score Distribution
Percent of People with Each Score
Percentile by Number Answered
Your Score History
You have not taken this quiz